Netherlands 2022 World Cup squad - Statistics

General Stats
  • This quiz has been taken 28 times
    21 since last reset
  • The average score is 23 of 27
Answer Stats
Position Name Club % Correct
DF Denzel Dumfries Internationale
100%
MD Frenkie de Jong FC Barcelona
100%
DF Jeremie Frimpong Bayer Leverkusen
100%
FW Luuk de Jong PSV Eindhoven
100%
DF Matthijs de Ligt Bayern Munich
100%
DF Nathan Aké Manchester City
100%
DF Stefan de Vrij Internationale
100%
DF Virgil van Dijk Liverpool FC
100%
FW Memphis Depay FC Barcelona
95%
MD Teun Koopmeiners Atalanta Bergamo
95%
GK Justin Bijlow Feyenoord Rotterdam
90%
MD Marten de Roon Atalanta Bergamo
90%
GK Remko Pasveer Ajax Amsterdam
90%
GK Andries Noppert SC Heerenveen
85%
DF Daley Blind Ajax Amsterdam
85%
DF Jurriën Timber Ajax Amsterdam
85%
FW Noa Lang Club Brugge
85%
Manager Louis van Gaal
80%
MD Steven Berghuis Ajax Amsterdam
80%
FW Steven Bergwijn Ajax Amsterdam
80%
FW Cody Gakpo PSV Eindhoven
75%
MD Davy Klaassen Ajax Amsterdam
75%
DF Tyrell Malacia Manchester United
75%
MD Xavi Simons PSV Eindhoven
70%
MD Kenneth Taylor Ajax Amsterdam
65%
FW Wout Weghorst Besiktas
65%
FW Vincent Janssen Royal Antwerp
60%
No matching quizzes found
Score Distribution
Percent of People with Each Score
Percentile by Number Answered
Your Score History
You have not taken this quiz since the last reset